[Event "Montreal zt w"]
[Site "Montreal CAN"]
[Date "2017.12.30"]
[Round "8"]
[White "Khoudgarian, Natalia"]
[Black "Tian, Sherry"]
[Result "1/2-1/2"]
[WhiteElo "2100"]
[BlackElo "1661"]
[WhiteFideId "-1"]
[WhiteFideId "-1"]
[PlyCount "76"]
[GameId "2160767908292125"]
[EventDate "2017.12.26"]
[EventType "tourn"]
[EventRounds "9"]
[EventCountry "CAN"]
[SourceTitle "CBM 182 Extra"]
[Source "ChessBase"]
[SourceDate "2018.02.23"]
[SourceVersion "1"]
[SourceVersionDate "2018.02.23"]
[SourceQuality "1"]

1. e4 c6 2. d4 d5 3. Nd2 dxe4 4. Nxe4 Bf5 5. Ng3 Bg6 6. h4 h6 7. h5 Bh7 8. f4 e6 9. Nf3 Nf6 10. Bd3 Bxd3 11. Qxd3 Bd6 12. Bd2 Nbd7 13. O-O-O Qc7 14. Ne5 c5 15. Nxd7 Nxd7 16. d5 O-O 17. Ne2 exd5 18. Qxd5 Nf6 19. Qf3 Rac8 20. g4 Qc6 21. Qxc6 Rxc6 22. g5 hxg5 23. fxg5 Ne4 24. Be3 Bb8 25. h6 gxh6 26. gxh6 Kh7 27. Rd7 Rc7 28. Rhd1 Rxd7 29. Rxd7 b6 30. Nf4 Ng5 31. Nd5 Kg6 32. a4 f6 33. h7 Rh8 34. Ne7+ Kxh7 35. Nc6+ Kg6 36. Nxb8 Rxb8 37. Rxa7 Ne6 38. Re7 Kf5 1/2-1/2

[Event "Montreal zt w"]
[Site "Montreal CAN"]
[Date "2017.12.30"]
[Round "8"]
[White "Matras-Clement, Agnieszka"]
[Black "Xu, Ruoying"]
[Result "1-0"]
[WhiteElo "2260"]
[BlackElo "2020"]
[WhiteFideId "-1"]
[WhiteFideId "-1"]
[PlyCount "78"]
[GameId "2160767908292126"]
[EventDate "2017.12.26"]
[EventType "tourn"]
[EventRounds "9"]
[EventCountry "CAN"]
[SourceTitle "CBM 182 Extra"]
[Source "ChessBase"]
[SourceDate "2018.02.23"]
[SourceVersion "1"]
[SourceVersionDate "2018.02.23"]
[SourceQuality "1"]

1. e4 e5 2. Nf3 Nc6 3. Bc4 Bc5 4. c3 Nf6 5. d3 d6 6. Bb3 a6 7. h3 Ba7 8. Nbd2 Ne7 9. Nf1 Ng6 10. Ng3 O-O 11. O-O Qe7 12. Re1 Be6 13. Bc2 Qd7 14. d4 exd4 15. Nxd4 Qc8 16. Ndf5 Bxf5 17. Nxf5 Kh8 18. Qf3 Qe6 19. Bg5 Nd7 20. Bb3 Qe8 21. h4 f6 22. Be3 Nge5 23. Qh3 h5 24. Bd1 Bxe3 25. Rxe3 g6 26. Nd4 Rf7 27. f4 Nc4 28. Re1 c5 29. Ne6 Nf8 30. Nxf8 Rxf8 31. b3 Nb6 32. Bc2 Qc8 33. f5 Nd7 34. fxg6 Ne5 35. Qf5 Kg7 36. Rad1 Qc6 37. Rf1 Qc8 38. Rxd6 Nxg6 39. Rd7+ Rf7 1-0

[Event "Montreal zt w"]
[Site "Montreal CAN"]
[Date "2017.12.30"]
[Round "8"]
[White "Ouellet, Maili-Jade"]
[Black "Demchenko, Svitlana"]
[Result "1/2-1/2"]
[WhiteElo "2062"]
[BlackElo "2081"]
[WhiteFideId "-1"]
[WhiteFideId "-1"]
[PlyCount "130"]
[GameId "2160767908292127"]
[EventDate "2017.12.26"]
[EventType "tourn"]
[EventRounds "9"]
[EventCountry "CAN"]
[SourceTitle "CBM 182 Extra"]
[Source "ChessBase"]
[SourceDate "2018.02.23"]
[SourceVersion "1"]
[SourceVersionDate "2018.02.23"]
[SourceQuality "1"]

1. d4 Nf6 2. c4 g6 3. Nc3 Bg7 4. e4 d6 5. f4 O-O 6. Nf3 c5 7. d5 e6 8. Be2 exd5 9. cxd5 Re8 10. Nd2 c4 11. O-O Nbd7 12. Kh1 Nc5 13. e5 dxe5 14. fxe5 Rxe5 15. Nxc4 Re8 16. Bg5 h6 17. Bxf6 Bxf6 18. Qd2 Ne4 19. Nxe4 Rxe4 20. Rad1 Bf5 21. b3 b5 22. Nb2 Qd6 23. Bxb5 Rd4 24. Qf2 Rxd5 25. Bc4 Rxd1 26. Rxd1 Qc7 27. Nd3 Rd8 28. Rf1 Rxd3 29. Bxd3 Bxd3 30. Qxf6 Bxf1 31. Qxf1 Qc2 32. Qa1 f5 33. b4 Kf7 34. b5 Ke6 35. a4 Kd5 36. h3 Kc4 37. Qa3 Qb1+ 38. Kh2 Qb4 39. Qa2+ Kc5 40. Qf2+ Qd4 41. Qc2+ Kb4 42. Qc6 Qb6 43. Qc2 Ka5 44. Kh1 Qd6 45. Qb3 g5 46. Qf7 Qc5 47. Qd7 f4 48. Kh2 Qb6 49. Qd1 Qc7 50. Kh1 Qc5 51. Qd7 Qb6 52. Qd1 Qc7 53. Qd4 Qc1+ 54. Kh2 Qe3 55. Qd7 f3 56. gxf3 Qf2+ 57. Kh1 Qxf3+ 58. Kh2 Qf2+ 59. Kh1 Qb6 60. Qd1 Qe3 61. Qd7 h5 62. Kh2 Qf4+ 63. Kh1 Qxa4 64. Qxa7+ Kxb5 65. Qd7+ Kb4 1/2-1/2

[Event "Montreal zt w"]
[Site "Montreal CAN"]
[Date "2017.12.30"]
[Round "8"]
[White "Wang, Jiaying"]
[Black "Chao, Lucy"]
[Result "1-0"]
[WhiteElo "1919"]
[BlackElo "1331"]
[WhiteFideId "-1"]
[WhiteFideId "-1"]
[PlyCount "43"]
[GameId "2160767908292128"]
[EventDate "2017.12.26"]
[EventType "tourn"]
[EventRounds "9"]
[EventCountry "CAN"]
[SourceTitle "CBM 182 Extra"]
[Source "ChessBase"]
[SourceDate "2018.02.23"]
[SourceVersion "1"]
[SourceVersionDate "2018.02.23"]
[SourceQuality "1"]

1. e4 c6 2. d4 d5 3. e5 Bf5 4. Nf3 c5 5. dxc5 e6 6. b4 Qc7 7. Bb5+ Nd7 8. O-O O-O-O 9. Bb2 Be7 10. Nbd2 Bg4 11. Qe2 b6 12. Bxd7+ Rxd7 13. Qa6+ Qb7 14. Qxb7+ Kxb7 15. cxb6 Bxb4 16. bxa7 Kxa7 17. Bd4+ Ka8 18. c3 Ba3 19. Rab1 Nh6 20. Rb5 Be7 21. Rfb1 Bd8 22. Rb8# 1-0

[Event "Montreal zt w"]
[Site "Montreal CAN"]
[Date "2017.12.30"]
[Round "8"]
[White "Zhou, Qiyu"]
[Black "Cui, Cynthia"]
[Result "1/2-1/2"]
[WhiteElo "2240"]
[BlackElo "1604"]
[WhiteFideId "-1"]
[WhiteFideId "-1"]
[PlyCount "93"]
[GameId "2160767908292129"]
[EventDate "2017.12.26"]
[EventType "tourn"]
[EventRounds "9"]
[EventCountry "CAN"]
[SourceTitle "CBM 182 Extra"]
[Source "ChessBase"]
[SourceDate "2018.02.23"]
[SourceVersion "1"]
[SourceVersionDate "2018.02.23"]
[SourceQuality "1"]

1. e4 e6 2. d4 d5 3. Nc3 Nc6 4. e5 f6 5. exf6 Nxf6 6. Nf3 a6 7. Bg5 Bd6 8. Bd3 O-O 9. O-O Nb4 10. Re1 Nxd3 11. Qxd3 c5 12. Rad1 Qc7 13. h3 Nh5 14. Ne2 cxd4 15. Nexd4 Qf7 16. Rd2 Bd7 17. Ne5 Bxe5 18. Rxe5 Rae8 19. Rde2 Nf4 20. Bxf4 Qxf4 21. Qe3 Qxe3 22. R2xe3 Rf6 23. g3 Kf7 24. Rb3 b5 25. f4 Rc8 26. Kf2 Rc4 27. Ke3 Rg6 28. g4 Rh6 29. Rh5 Rxh5 30. gxh5 Kf6 31. Ra3 Bc8 32. Rd3 e5 33. fxe5+ Kxe5 34. h4 h6 35. a3 Bg4 36. c3 Bxh5 37. Rd2 Rc7 38. Nc2 Rc4 39. Nd4 Rc7 40. Nc2 a5 41. Nd4 Rc4 42. Rf2 g6 43. Rf8 b4 44. axb4 axb4 45. cxb4 Kd6 46. Rd8+ Kc7 47. Rxd5 1/2-1/2

[Event "Montreal zt w"]
[Site "Montreal CAN"]
[Date "2017.12.31"]
[Round "9"]
[White "Chao, Lucy"]
[Black "Ouellet, Maili-Jade"]
[Result "0-1"]
[WhiteElo "1331"]
[BlackElo "2062"]
[WhiteFideId "-1"]
[WhiteFideId "-1"]
[PlyCount "118"]
[GameId "2160767908292130"]
[EventDate "2017.12.26"]
[EventType "tourn"]
[EventRounds "9"]
[EventCountry "CAN"]
[SourceTitle "CBM 182 Extra"]
[Source "ChessBase"]
[SourceDate "2018.02.23"]
[SourceVersion "1"]
[SourceVersionDate "2018.02.23"]
[SourceQuality "1"]

1. d4 d5 2. c4 e6 3. Nc3 Nf6 4. Bf4 Be7 5. Nf3 O-O 6. e3 Nbd7 7. Bd3 c5 8. cxd5 Nxd5 9. Nxd5 exd5 10. O-O b6 11. Bc2 Nf6 12. Bg5 h6 13. Bh4 a6 14. dxc5 bxc5 15. Qd3 g6 16. Rfd1 Be6 17. Ne5 Kg7 18. Nc6 Qc7 19. Nxe7 Qxe7 20. Rac1 Rfd8 21. Ba4 Bf5 22. Qc3 Rac8 23. Bxf6+ Qxf6 24. Qxf6+ Kxf6 25. Bc2 Be6 26. b3 Ke5 27. f3 h5 28. h4 Rg8 29. f4+ Kf6 30. Bd3 a5 31. Rc3 Ke7 32. Rdc1 Kd6 33. e4 f6 34. exd5 Bxd5 35. Rd1 Kc6 36. Bb5+ Kxb5 37. Rxd5 Rg7 38. Re3 Rc6 39. Re8 f5 40. Rdd8 Rb7 41. Rb8 Kb6 42. Rxb7+ Kxb7 43. Re7+ Kb6 44. Re8 a4 45. Ra8 axb3 46. axb3 Kb5 47. Kf2 Kb4 48. Rb8+ Kc3 49. Rb5 Kd4 50. g3 Ra6 51. Kf3 Ra3 52. Ke2 Ra2+ 53. Kf3 Rb2 54. Rb8 Kc3 55. Rb6 Rxb3 56. Rxg6 c4 57. Rg5 Kb2+ 58. Kf2 c3 59. Rxf5 c2 0-1

[Event "Montreal zt w"]
[Site "Montreal CAN"]
[Date "2017.12.31"]
[Round "9"]
[White "Cui, Cynthia"]
[Black "Matras-Clement, Agnieszka"]
[Result "0-1"]
[WhiteElo "1604"]
[BlackElo "2260"]
[WhiteFideId "-1"]
[WhiteFideId "-1"]
[PlyCount "70"]
[GameId "2160767908292131"]
[EventDate "2017.12.26"]
[EventType "tourn"]
[EventRounds "9"]
[EventCountry "CAN"]
[SourceTitle "CBM 182 Extra"]
[Source "ChessBase"]
[SourceDate "2018.02.23"]
[SourceVersion "1"]
[SourceVersionDate "2018.02.23"]
[SourceQuality "1"]

1. c4 e5 2. g3 Nf6 3. Bg2 c6 4. Nf3 e4 5. Nd4 Qb6 6. Nc2 d5 7. cxd5 cxd5 8. d3 Bf5 9. dxe4 Bxe4 10. O-O Bc5 11. e3 O-O 12. Nc3 Nc6 13. Ne2 Rac8 14. a3 Rfd8 15. b4 Be7 16. Ncd4 a5 17. Nxc6 Rxc6 18. Nd4 Rc4 19. bxa5 Qxa5 20. Qb3 Qa6 21. Rd1 Bxg2 22. Kxg2 Ne4 23. Bd2 Bf6 24. Bb4 Rdc8 25. Ra2 Bxd4 26. Rxd4 Rxd4 27. exd4 Rc1 28. Qxd5 Qf1+ 29. Kf3 Nd2+ 30. Kg4 h5+ 31. Kxh5 Qd1+ 32. g4 Nf3 33. Qd6 Rc6 34. Qd8+ Kh7 35. Bd6 g6# 0-1

[Event "Montreal zt w"]
[Site "Montreal CAN"]
[Date "2017.12.31"]
[Round "9"]
[White "Demchenko, Svitlana"]
[Black "Zhou, Qiyu"]
[Result "0-1"]
[WhiteElo "2081"]
[BlackElo "2240"]
[WhiteFideId "-1"]
[WhiteFideId "-1"]
[PlyCount "52"]
[GameId "2160767908292132"]
[EventDate "2017.12.26"]
[EventType "tourn"]
[EventRounds "9"]
[EventCountry "CAN"]
[SourceTitle "CBM 182 Extra"]
[Source "ChessBase"]
[SourceDate "2018.02.23"]
[SourceVersion "1"]
[SourceVersionDate "2018.02.23"]
[SourceQuality "1"]

1. d4 Nf6 2. c4 e6 3. Nc3 Bb4 4. Nf3 d5 5. g3 O-O 6. Bg2 Nbd7 7. O-O dxc4 8. Qa4 a5 9. a3 Nb6 10. Qc2 Be7 11. Rd1 Bd7 12. Ne5 Nfd5 13. e4 Nxc3 14. Qxc3 Ba4 15. Rd2 Bb3 16. Bf1 Na4 17. Qe3 b5 18. f4 Ra6 19. Rf2 c5 20. d5 exd5 21. exd5 Qxd5 22. Nxc4 Bxc4 23. Qxe7 Bxf1 24. Rxf1 Re6 25. Qc7 Re2 26. Rf2 Qd4 0-1

[Event "Montreal zt w"]
[Site "Montreal CAN"]
[Date "2017.12.31"]
[Round "9"]
[White "Tian, Sherry"]
[Black "Wang, Jiaying"]
[Result "1-0"]
[WhiteElo "1661"]
[BlackElo "1919"]
[WhiteFideId "-1"]
[WhiteFideId "-1"]
[PlyCount "57"]
[GameId "2160767908292133"]
[EventDate "2017.12.26"]
[EventType "tourn"]
[EventRounds "9"]
[EventCountry "CAN"]
[SourceTitle "CBM 182 Extra"]
[Source "ChessBase"]
[SourceDate "2018.02.23"]
[SourceVersion "1"]
[SourceVersionDate "2018.02.23"]
[SourceQuality "1"]

1. d4 f5 2. c4 Nf6 3. Nc3 d6 4. g3 g6 5. Bg2 Bg7 6. e3 O-O 7. Nge2 Nc6 8. O-O e5 9. d5 Ne7 10. b3 Bd7 11. Bb2 g5 12. f4 gxf4 13. gxf4 e4 14. Nd4 Ng6 15. h3 Kh8 16. Kh2 Rg8 17. Rg1 Ng4+ 18. hxg4 Qh4+ 19. Bh3 fxg4 20. Rg3 gxh3 21. Nce2 Ne5 22. fxe5 Bxe5 23. Qe1 Rxg3 24. Nxg3 Rf8 25. Ne6 Bxb2 26. Nxf8 Bxa1 27. Qxa1+ Kg8 28. Nxd7 Kf7 29. Qf1+ 1-0

[Event "Montreal zt w"]
[Site "Montreal CAN"]
[Date "2017.12.31"]
[Round "9"]
[White "Xu, Ruoying"]
[Black "Khoudgarian, Natalia"]
[Result "0-1"]
[WhiteElo "2020"]
[BlackElo "2100"]
[WhiteFideId "-1"]
[WhiteFideId "-1"]
[PlyCount "92"]
[GameId "2160767908292134"]
[EventDate "2017.12.26"]
[EventType "tourn"]
[EventRounds "9"]
[EventCountry "CAN"]
[SourceTitle "CBM 182 Extra"]
[Source "ChessBase"]
[SourceDate "2018.02.23"]
[SourceVersion "1"]
[SourceVersionDate "2018.02.23"]
[SourceQuality "1"]

1. d4 e6 2. Nf3 f5 3. g3 Nf6 4. Bg2 d5 5. O-O Bd6 6. c4 c6 7. b3 Qe7 8. Bb2 b6 9. Qc1 O-O 10. Ba3 Ba6 11. Ne5 Rc8 12. Bxd6 Qxd6 13. Qa3 Qxa3 14. Nxa3 Nbd7 15. Nxd7 Nxd7 16. Rac1 Kf8 17. Rc2 Ke7 18. Rfc1 Nf6 19. e3 Kd7 20. Nb1 Ne4 21. Bxe4 fxe4 22. Nd2 Bb7 23. f3 exf3 24. Nxf3 c5 25. dxc5 Rxc5 26. b4 Rcc8 27. c5 bxc5 28. bxc5 Ba6 29. a4 Rab8 30. c6+ Kc7 31. Ne5 Rb4 32. a5 Re4 33. Rf2 Rxe5 34. Rf7+ Kb8 35. Rxg7 Rxe3 36. Rf7 Bc4 37. Rb7+ Ka8 38. Rcb1 Ba6 39. Kf2 Rc3 40. Re7 Rf8+ 41. Kg2 Rc2+ 42. Kh3 Rxc6 43. Kg4 d4 44. h4 d3 45. Kg5 d2 46. Rd1 Rd8 0-1

[Event "National Capital op"]
[Site "Ottawa CAN"]
[Date "2017.11.10"]
[Round "1"]
[White "Collins, Chris"]
[Black "Gordon, David"]
[Result "0-1"]
[WhiteElo "2049"]
[BlackElo "2314"]
[WhiteFideId "-1"]
[WhiteFideId "-1"]
[PlyCount "108"]
[GameId "2160767908309007"]
[EventDate "2017.11.10"]
[EventType "swiss"]
[EventRounds "5"]
[EventCountry "CAN"]
[SourceTitle "EXT 2022"]
[Source "ChessBase"]
[SourceDate "2021.10.06"]
[SourceVersion "1"]
[SourceVersionDate "2021.10.06"]
[SourceQuality "1"]

1. e4 c5 2. Nf3 Nc6 3. d4 cxd4 4. Nxd4 e5 5. Nxc6 bxc6 6. Bc4 Ba6 7. Qd3 Bxc4 8. Qxc4 Nf6 9. Nc3 Be7 10. Bg5 O-O 11. Bxf6 Bxf6 12. O-O Qb6 13. Rfd1 Rfd8 14. b3 Rac8 15. g3 d5 16. exd5 cxd5 17. Nxd5 Rxc4 18. Nxb6 Rxc2 19. Rxd8+ Bxd8 20. Nc4 f6 21. Rd1 Be7 22. Rd2 Rxd2 23. Nxd2 Kf7 24. f3 Ke6 25. Kf2 Kd5 26. Ke3 f5 27. Kd3 h5 28. h3 Bb4 29. Nc4 e4+ 30. fxe4+ fxe4+ 31. Ke3 g5 32. g4 Bc5+ 33. Ke2 hxg4 34. hxg4 Kd4 35. Kd2 a6 36. a3 Bf8 37. Ke2 Be7 38. Kd2 Bc5 39. Ne3 Ke5 40. b4 Ba7 41. Ng2 Kd4 42. a4 Kc4 43. b5 a5 44. Ne3+ Kb3 45. Nd5 Bb8 46. Ke3 Kxa4 47. Kxe4 Kxb5 48. Kd4 a4 49. Kc3 Be5+ 50. Kc2 Kc5 51. Ne3 Kd4 52. Nd1 a3 53. Nc3 Kc4 54. Na2 Bb2 0-1

[Event "National Capital op"]
[Site "Ottawa CAN"]
[Date "2017.11.10"]
[Round "1"]
[White "Dukic, Zachary"]
[Black "Sadeghi, Saeid"]
[Result "0-1"]
[WhiteElo "2251"]
[BlackElo "2090"]
[WhiteFideId "-1"]
[WhiteFideId "-1"]
[PlyCount "62"]
[GameId "2160767908309008"]
[EventDate "2017.11.10"]
[EventType "swiss"]
[EventRounds "5"]
[EventCountry "CAN"]
[SourceTitle "EXT 2022"]
[Source "ChessBase"]
[SourceDate "2021.10.06"]
[SourceVersion "1"]
[SourceVersionDate "2021.10.06"]
[SourceQuality "1"]

1. e4 c6 2. d4 d5 3. Nd2 dxe4 4. Nxe4 Bf5 5. Ng3 Bg6 6. h4 h6 7. Nf3 Nd7 8. h5 Bh7 9. Bd3 Bxd3 10. Qxd3 Ngf6 11. Bd2 e6 12. O-O-O Qc7 13. Kb1 O-O-O 14. Ne4 Nxe4 15. Qxe4 Nf6 16. Qe1 Bd6 17. c4 Qe7 18. Rh3 c5 19. dxc5 Bxc5 20. b4 Bxb4 21. Ka1 Bxd2 22. Nxd2 Qd6 23. Rh1 Qd4+ 24. Kb1 Rd7 25. Qe2 Qd3+ 26. Qxd3 Rxd3 27. Kc2 Rhd8 28. f3 R3d4 29. g4 Nd7 30. Rhe1 Nb6 31. Kc3 Nxc4 0-1

[Event "National Capital op"]
[Site "Ottawa CAN"]
[Date "2017.11.10"]
[Round "1"]
[White "Sambuev, Bator"]
[Black "Villeneuve, Robert"]
[Result "1-0"]
[WhiteElo "2618"]
[BlackElo "2056"]
[WhiteFideId "-1"]
[WhiteFideId "-1"]
[PlyCount "69"]
[GameId "2160767908309009"]
[EventDate "2017.11.10"]
[EventType "swiss"]
[EventRounds "5"]
[EventCountry "CAN"]
[SourceTitle "EXT 2022"]
[Source "ChessBase"]
[SourceDate "2021.10.06"]
[SourceVersion "1"]
[SourceVersionDate "2021.10.06"]
[SourceQuality "1"]

1. Nf3 Nc6 2. d4 d6 3. d5 Ne5 4. Nxe5 dxe5 5. g3 e6 6. c4 Nf6 7. Nc3 Bc5 8. Bg2 exd5 9. cxd5 O-O 10. O-O a6 11. Bg5 h6 12. Bxf6 Qxf6 13. Ne4 Qe7 14. Nxc5 Qxc5 15. Rc1 Qb6 16. Qc2 c6 17. dxc6 bxc6 18. Qxc6 Rb8 19. b3 Qa5 20. Qc7 Rb5 21. Qxa5 Rxa5 22. Rc2 Bf5 23. e4 Be6 24. Rd1 Ra3 25. Bf1 a5 26. Bb5 Bg4 27. Rd5 f6 28. Kg2 Bh5 29. Rc7 Bg6 30. Bd3 f5 31. Rdd7 fxe4 32. Rxg7+ Kh8 33. Bb1 Rg8 34. Rxg8+ Kxg8 35. Re7 1-0

[Event "National Capital op"]
[Site "Ottawa CAN"]
[Date "2017.11.10"]
[Round "1"]
[White "Xu, Daniel"]
[Black "Marin, Sam"]
[Result "0-1"]
[WhiteElo "1950"]
[BlackElo "2224"]
[WhiteFideId "-1"]
[WhiteFideId "-1"]
[PlyCount "64"]
[GameId "2160767908309010"]
[EventDate "2017.11.10"]
[EventType "swiss"]
[EventRounds "5"]
[EventCountry "CAN"]
[SourceTitle "EXT 2022"]
[Source "ChessBase"]
[SourceDate "2021.10.06"]
[SourceVersion "1"]
[SourceVersionDate "2021.10.06"]
[SourceQuality "1"]

1. e4 e5 2. Nf3 Nc6 3. Bc4 Nf6 4. Nc3 Bc5 5. d3 O-O 6. O-O h6 7. h3 Re8 8. a3 d6 9. Na4 Bb6 10. Nxb6 axb6 11. Be3 d5 12. exd5 Nxd5 13. Nd2 Be6 14. Qh5 f5 15. Bxd5 Qxd5 16. Qf3 f4 17. Bxf4 Qxf3 18. Nxf3 exf4 19. Rfe1 Bd5 20. Nd2 Nd4 21. c3 Nb3 22. Nxb3 Bxb3 23. d4 Kf7 24. f3 Rxe1+ 25. Rxe1 Re8 26. Kf2 Rxe1 27. Kxe1 Ke6 28. Kd2 Bc4 29. Ke1 Bd3 30. b3 Kd5 31. h4 Bc2 32. b4 Kc4 0-1

[Event "National Capital op"]
[Site "Ottawa CAN"]
[Date "2017.11.11"]
[Round "2"]
[White "Dunne, Francesco"]
[Black "Sambuev, Bator"]
[Result "0-1"]
[WhiteElo "2214"]
[BlackElo "2618"]
[WhiteFideId "-1"]
[WhiteFideId "-1"]
[PlyCount "92"]
[GameId "2160767908309011"]
[EventDate "2017.11.10"]
[EventType "swiss"]
[EventRounds "5"]
[EventCountry "CAN"]
[SourceTitle "EXT 2022"]
[Source "ChessBase"]
[SourceDate "2021.10.06"]
[SourceVersion "1"]
[SourceVersionDate "2021.10.06"]
[SourceQuality "1"]

1. e4 e6 2. d4 d5 3. Nd2 c5 4. exd5 exd5 5. Ngf3 Nf6 6. Bb5+ Bd7 7. Bxd7+ Nbxd7 8. O-O Be7 9. dxc5 Nxc5 10. Nb3 Nce4 11. Nfd4 Qd7 12. f3 Nd6 13. Nc5 Qc8 14. Nd3 O-O 15. c3 Re8 16. Re1 Bf8 17. Bg5 Rxe1+ 18. Qxe1 Nd7 19. Be7 Qc4 20. Bxf8 Nxf8 21. Ne5 Qc7 22. Qg3 Qb6 23. Qf2 Re8 24. Re1 Qa6 25. a3 f6 26. Ng4 Rxe1+ 27. Qxe1 Qb6 28. Qg3 Kf7 29. Ne3 Nb5 30. Nef5 Ne6 31. Qf2 Nexd4 32. Nxd4 Nd6 33. b3 Qc5 34. Qe3 Qc8 35. Kf2 a6 36. Ke2 h5 37. Kd2 b5 38. Qf4 Qd7 39. Qe3 a5 40. Qd3 a4 41. bxa4 bxa4 42. Qh7 Nc4+ 43. Kc1 Qb7 44. Qxh5+ Ke7 45. Nf5+ Ke6 46. Nd4+ Kd6 0-1

[Event "National Capital op"]
[Site "Ottawa CAN"]
[Date "2017.11.11"]
[Round "2"]
[White "Gordon, David"]
[Black "Demchenko, Svitlana"]
[Result "0-1"]
[WhiteElo "2314"]
[BlackElo "2222"]
[WhiteFideId "-1"]
[WhiteFideId "-1"]
[PlyCount "56"]
[GameId "2160767908309012"]
[EventDate "2017.11.10"]
[EventType "swiss"]
[EventRounds "5"]
[EventCountry "CAN"]
[SourceTitle "EXT 2022"]
[Source "ChessBase"]
[SourceDate "2021.10.06"]
[SourceVersion "1"]
[SourceVersionDate "2021.10.06"]
[SourceQuality "1"]

1. d4 Nf6 2. Bg5 e6 3. e4 Be7 4. Nd2 d5 5. e5 Nfd7 6. Be3 c5 7. c3 Nc6 8. f4 Qb6 9. Qb3 cxd4 10. cxd4 Bb4 11. Ngf3 a5 12. Be2 O-O 13. Rc1 a4 14. Qd3 a3 15. b3 Be7 16. h4 Nb4 17. Qb1 f5 18. exf6 Nxf6 19. Ne5 Bd7 20. g4 Bb5 21. Bf3 Rac8 22. Kf2 Bd6 23. Kg3 Nd7 24. Nxd7 Bxd7 25. Bg2 e5 26. fxe5 Bxe5+ 27. dxe5 Qxe3+ 28. Nf3 Nd3 0-1

[Event "National Capital op"]
[Site "Ottawa CAN"]
[Date "2017.11.11"]
[Round "2"]
[White "Marin, Sam"]
[Black "Yang, Fan"]
[Result "1/2-1/2"]
[WhiteElo "2224"]
[BlackElo "2078"]
[WhiteFideId "-1"]
[WhiteFideId "-1"]
[PlyCount "84"]
[GameId "2160767908309013"]
[EventDate "2017.11.10"]
[EventType "swiss"]
[EventRounds "5"]
[EventCountry "CAN"]
[SourceTitle "EXT 2022"]
[Source "ChessBase"]
[SourceDate "2021.10.06"]
[SourceVersion "1"]
[SourceVersionDate "2021.10.06"]
[SourceQuality "1"]

1. c4 e5 2. Nc3 Nf6 3. g3 Nc6 4. Bg2 g6 5. d3 Bg7 6. Nf3 d6 7. Rb1 O-O 8. b4 Re8 9. O-O h6 10. Ne1 Ne7 11. Qb3 c6 12. e4 Be6 13. Nc2 Nd7 14. Ne3 f5 15. Bh3 Kh7 16. Qc2 Rf8 17. f4 Rc8 18. exf5 Nxf5 19. Nxf5 gxf5 20. Qe2 Qe8 21. Bb2 Qg6 22. Rbe1 Rce8 23. Qf2 exf4 24. Qxf4 Be5 25. Qf2 f4 26. Bxe6 Rxe6 27. Qxa7 fxg3 28. Rxf8 Nxf8 29. Qxb7+ Kh8 30. Rxe5 dxe5 31. Ne4 gxh2+ 32. Kxh2 Qh5+ 33. Kg1 Rg6+ 34. Kf1 Qh1+ 35. Ke2 Qh2+ 36. Nf2 Rf6 37. Qb6 Qh5+ 38. Ke1 Rg6 39. Qb8 Rg1+ 40. Kd2 Qg5+ 41. Ke2 Qh5+ 42. Kd2 Qg5+ 1/2-1/2

[Event "National Capital op"]
[Site "Ottawa CAN"]
[Date "2017.11.11"]
[Round "2"]
[White "Zhong, Kevin"]
[Black "Miller, Rachel"]
[Result "1/2-1/2"]
[WhiteElo "2090"]
[BlackElo "2078"]
[WhiteFideId "-1"]
[WhiteFideId "-1"]
[PlyCount "101"]
[GameId "2160767908309014"]
[EventDate "2017.11.10"]
[EventType "swiss"]
[EventRounds "5"]
[EventCountry "CAN"]
[SourceTitle "EXT 2022"]
[Source "ChessBase"]
[SourceDate "2021.10.06"]
[SourceVersion "1"]
[SourceVersionDate "2021.10.06"]
[SourceQuality "1"]

1. e4 e5 2. Nf3 Nc6 3. Bc4 Bc5 4. c3 Nf6 5. d3 a6 6. O-O Ba7 7. Bb3 h6 8. Re1 O-O 9. Nbd2 Re8 10. h3 d6 11. Nf1 Be6 12. Bc2 d5 13. Qe2 d4 14. Ng3 b5 15. Nh4 dxc3 16. bxc3 b4 17. Ba4 Bd7 18. Bxc6 Bxc6 19. cxb4 Nxe4 20. dxe4 Qxh4 21. Nf5 Qf6 22. Qf3 Kh7 23. Be3 Bxe3 24. Qxe3 a5 25. a3 Reb8 26. bxa5 Rxa5 27. Rac1 Rba8 28. Rc3 Bd7 29. Ng3 Qd6 30. Qc1 c5 31. Rd1 Qc7 32. Rd5 Rc8 33. Nh5 Be6 34. Rg3 Rg8 35. Rdd3 Qe7 36. Qc3 c4 37. Qxa5 cxd3 38. Rxd3 Qg5 39. Ng3 h5 40. Kh2 h4 41. Ne2 Bc4 42. Re3 Bxe2 43. Rxe2 Qf4+ 44. Kg1 Rc8 45. Re1 Rc2 46. Qb6 Rc1 47. Qb4 Rc2 48. Qb6 Rc1 49. Qb4 Rc2 50. Qb6 Rc1 51. Qa5 1/2-1/2

[Event "National Capital op"]
[Site "Ottawa CAN"]
[Date "2017.11.11"]
[Round "3"]
[White "Miller, Rachel"]
[Black "Marin, Sam"]
[Result "1-0"]
[WhiteElo "2078"]
[BlackElo "2203"]
[WhiteFideId "-1"]
[WhiteFideId "-1"]
[PlyCount "111"]
[GameId "2160767908309015"]
[EventDate "2017.11.10"]
[EventType "swiss"]
[EventRounds "5"]
[EventCountry "CAN"]
[SourceTitle "EXT 2022"]
[Source "ChessBase"]
[SourceDate "2021.10.06"]
[SourceVersion "1"]
[SourceVersionDate "2021.10.06"]
[SourceQuality "1"]

1. e4 c5 2. Nc3 Nc6 3. f4 g6 4. Nf3 Bg7 5. Bb5 e6 6. Bxc6 bxc6 7. e5 d5 8. d3 Ne7 9. O-O h5 10. Na4 Qa5 11. c4 Rb8 12. b3 Nf5 13. Qe1 Qxe1 14. Rxe1 Bf8 15. Ba3 Nd4 16. Nxd4 cxd4 17. Bb2 c5 18. Ba3 Bd7 19. Nxc5 Rc8 20. Nxd7 Bxa3 21. Nf6+ Ke7 22. cxd5 exd5 23. Nxd5+ Ke6 24. Nf6 Rc2 25. Kf1 Rhc8 26. Ne4 Bc1 27. Ng5+ Ke7 28. g3 Bb2 29. Rab1 Rxh2 30. Nf3 Rhc2 31. Re4 Rd8 32. Re2 Rxe2 33. Kxe2 Bc3 34. Nd2 a5 35. Ne4 Bb4 36. Rc1 Rd7 37. Rc4 Rd5 38. Kf3 Ba3 39. Nf6 Rc5 40. Rxd4 Rc2 41. Rd7+ Kf8 42. Ra7 Bb4 43. a3 Be1 44. Ra8+ Kg7 45. Ne4 Ra2 46. a4 Rb2 47. d4 Rxb3+ 48. Ke2 Bxg3 49. Nxg3 Rxg3 50. d5 Rb3 51. d6 Rb7 52. Rxa5 Rd7 53. Rd5 Kf8 54. a5 Ke8 55. a6 Ra7 56. d7+ 1-0